000 01338nam a2200337 c 4500
003 BLK
005 20180420223700.0
008 180408b bul|||||r ||||||| ||bul||
010 _aKNG00073804000
040 _aBLK
041 _aBUL
_cBUL
080 _aПолитическо преследване. Терористични действия. Тероризъм - Атентати, политически убийства. Вж и 343.1 ; 343.3/.7
_b323.28
_x(497.2)(091)
_z323.28(497.2)(091)
100 1 _aЯнков, Янко Николов
_eпърви автор
_9247147
139 _aЯнков, Янко Николов
_bЯ 60
245 1 0 _aБългарският тероризъм
_cЯнко Николов Янков.
250 _a3. прераб. и доп. изд.
257 _aBGR
260 София
_bОгледало
_c2006
300 _a222 с.
_c20 см
380 _a3
500 _a1. изд. 2004 на изд. Янус. - Принт. изд. - Библиогр. под линия.
650 4 _aТероризъм - България - история
_9266750
653 _aтероризъм
653 _aБългария
653 _aистория
852 _aЦб 232992
856 4 _qpdf
_u
856 4 _qpdf
_u
942 _cKNG
_n0
944 _aCR
_c05.04.2007
_kЦветанка_Енчева
944 _aED
_c14.06.2007
_k
999 _c69457
_d69457